Adsorption of laurate soap on natural rubber latex particles and its effect on latex properties (Record no. 53847)
[ view plain ]
| 000 -LEADER | |
|---|---|
| fixed length control field | 00372nam a2200121Ia 4500 |
| 100 ## - MAIN ENTRY--AUTHOR NAME | |
| Personal name | Lai Pin Fah |
| 245 #0 - TITLE STATEMENT | |
| Title | Adsorption of laurate soap on natural rubber latex particles and its effect on latex properties |
| 650 ## - SUBJECT ADDED ENTRY--TOPICAL TERM | |
| Topical Term | Latex properties |
| 650 ## - SUBJECT ADDED ENTRY--TOPICAL TERM | |
| Topical Term | Laurate soap adsorption |
| 700 ## - ADDED ENTRY--PERSONAL NAME | |
| Personal name | Chen Seong Fong |
| 942 ## - ADDED ENTRY ELEMENTS (KOHA) | |
| Koha item type | Journals |
| Withdrawn status | Lost status | Damaged status | Not for loan | Home library | Current library | Date acquired | Koha item type |
|---|---|---|---|---|---|---|---|
| Journals | RRII Library | RRII Library | 17/12/2021 | Journals |